| 000 | 00587cam a22001691 4500 | ||
|---|---|---|---|
| 082 |
_a355.009241 _bWOOD,EVELYN |
||
| 100 | 1 |
_aWOO. _949451 |
|
| 245 | 1 | 0 |
_aFrom midshipman to field marshal, _cby Evelyn Wood ... With twenty-four illustrations and maps ... |
| 250 | _a4th ed. | ||
| 260 |
_aLondon : _bMethuen, _c[1906] |
||
| 300 |
_a322 P,: _bill,; _c22cm, |
||
| 500 | _a"First published October 1906, second, third and fourth editions, October, 1906." | ||
| 526 |
_a0 _b0 _c0 _d355_009241000000000_WOODEVELYN |
||
| 650 | 0 |
_aMarshals _zGreat Britain |
|
| 650 | 0 |
_aMCE _9379 |
|
| 942 |
_2ddc _cBK |
||
| 999 |
_c552225 _d552225 |
||